| 000 | 01519cam a2200349 a 4500 | ||
|---|---|---|---|
| 001 | EDZ0000062234 | ||
| 003 | StDuBDS | ||
| 005 | 20161031105217.0 | ||
| 006 | m||||||||d|||||||| | ||
| 007 | cr ||||||||||| | ||
| 008 | 120307s2010 enka fo| 001|0|eng|d | ||
| 020 |
_a9780857021106 (ebook) : _cNo price |
||
| 040 |
_aStDuBDS _beng _cStDuBDS _epn |
||
| 049 | _aAlfaisal Main Library | ||
| 050 | 4 | _aHV11 | |
| 082 | 0 | 4 |
_a361.3072 _223 |
| 245 | 0 | 4 |
_aThe SAGE handbook of social work research _h[electronic resource] / _cedited by Ian Shaw ... [et al.]. |
| 246 | 3 | 0 | _aSocial work research |
| 260 |
_aLos Angeles, [Calif.] ; _aLondon : _bSAGE, _c2010. |
||
| 300 |
_a1 online resource (xxiv, 572 p.) : _bill. |
||
| 520 | 8 | _aRanging over local and international issues and exploring questions of theory and practice, this diverse study provides a comprehensive account of the state of the art of social work research. It invites us to understand the historical roots of the unresolvable tensions within the purposes and methods of social work research. | |
| 504 | _aIncludes bibliographical references and index. | ||
| 521 | _aSpecialized. | ||
| 588 | _aDescription based on print version record. | ||
| 650 | 0 |
_aSocial service _xResearch. |
|
| 655 | 7 |
_aElectronic books. _2local |
|
| 700 | 1 |
_aShaw, Ian, _d1945- |
|
| 710 | 2 | _aSage eBooks | |
| 776 | 0 | 8 |
_iPrint version : _z9781412934985 |
| 856 | 4 | 0 | _uhttp://ezproxy.alfaisal.edu/login?url=http://sk.sagepub.com/reference/hdbk_socialworkrsch |
| 942 |
_2lcc _cEBOOKS |
||
| 999 |
_c481765 _d481765 |
||